Progresos en medición de la economía (Registro nro. 3847)
[ vista simple ]
| 000 -LEADER | |
|---|---|
| fixed length control field | 01532 a2200229 4500 |
| 001 - CONTROL NUMBER | |
| control field | 44906 |
| 005 - DATE AND TIME OF LATEST TRANSACTION | |
| control field | 20260407155724.0 |
| 008 - FIXED-LENGTH DATA ELEMENTS--GENERAL INFORMATION | |
| fixed length control field | 260407a2015 arg spa d |
| 003 - CONTROL NUMBER IDENTIFIER | |
| control field | AR-UNSa-BCEJYS |
| 040 ## - CATALOGING SOURCE | |
| Original cataloging agency | AR-UNSa-BCEJYS |
| Language of cataloging | spa |
| Transcribing agency | AR-UNSa-BCEJYS |
| 080 ## - UNIVERSAL DECIMAL CLASSIFICATION NUMBER | |
| Universal Decimal Classification number | 330 |
| Common auxiliary subdivision | Economía en general |
| 020 ## - INTERNATIONAL STANDARD BOOK NUMBER | |
| International Standard Book Number | 978-987-3887-07-9 |
| 041 ## - LANGUAGE CODE | |
| Language code of text/sound track or separate title | spa |
| 100 1# - MAIN ENTRY--PERSONAL NAME | |
| Personal name | Coremberg, Ariel Alberto |
| 245 10 - TITLE STATEMENT | |
| Title | Progresos en medición de la economía |
| 264 #1 - PRODUCTION, PUBLICATION, DISTRIBUTION, MANUFACTURE, AND COPYRIGHT NOTICE | |
| Place of production, publication, distribution, manufacture | Buenos Aires : |
| Name of producer, publisher, distributor, manufacturer | Temas Grupo Editorial |
| Date of production, publication, distribution, manufacture, or copyright notice | 2015 |
| 300 ## - PHYSICAL DESCRIPTION | |
| Extent | 403 p. |
| Dimensions | 23 cm. |
| 505 ## - FORMATTED CONTENTS NOTE | |
| Formatted contents note | 1. Introducción / Ariel Coremberg – 2. Una nueva arquitectura para el sistema de cuentas nacionales / Dale W. Jorgenson – Daniel T. Slesnick – 3. Números Índice y Teoría económica / Federico Dorin – Daniel Perrotti – 4. Problemas con la medición de los servicios bancarios en el marco de las cuentas nacionales / Erwin Diewert – Dennis Fixler – Kimberly Zieschang – 5. Medición de los servicios de salud en las cuentas nacionales: una perspectiva internacional / Paul Schreyer – Matilde Mas – 6. Contabilidad del conocimiento: metodología y resultados / Francisco Pérez - Eva Benages – 7. Intangibles en la nueva economía / Matilde Mas – Javier Quesada – 8. Midiendo la productividad y las fuentes del crecimiento de la economía Argentina. El proyecto ARKLEMS+LAND / Ariel Coremberg - |
| 590 ## - LOCAL NOTE (RLIN) | |
| Local note | niveau_biblio:m niveau_hierar:0 |
| 856 41 - ELECTRONIC LOCATION AND ACCESS | |
| Uniform Resource Identifier | <a href="https://www.biblioeco.unsa.edu.ar/pmb/images/libros/L127030.jpg">https://www.biblioeco.unsa.edu.ar/pmb/images/libros/L127030.jpg</a> |
| Link text | Imagen de portada |
| Electronic format type | image/jpeg |
| 942 ## - ADDED ENTRY ELEMENTS (KOHA) | |
| Koha item type | |
| Withdrawn status | Lost status | Damaged status | Not for loan | Home library | Current library | Shelving location | Date acquired | Total checkouts | Full call number | Barcode | Date last seen | Price effective from | Koha item type |
|---|---|---|---|---|---|---|---|---|---|---|---|---|---|
| Biblioteca Prof. Eusebio Cleto del Rey | Biblioteca Prof. Eusebio Cleto del Rey | 07/04/2026 | 330 C797 | L127030 | 07/04/2026 | 07/04/2026 | Libro | ||||||
| Biblioteca Prof. Eusebio Cleto del Rey | Biblioteca Prof. Eusebio Cleto del Rey | 07/04/2026 | 330 C797 | L128601 | 07/04/2026 | 07/04/2026 | Libro |